Motivácia a jej vplyv na zvyšovanie výkonnosti bakalárska práca

Gespeichert in:
Bibliographische Detailangaben
1. Verfasser: Čečková, Monika
Körperschaft: Fakulta podnikového manažmentu EU. Katedra manažmentu
Weitere Verfasser: Jankelová, Nadežda, 1966-
Format: Buch
Sprache:Slowakisch
Veröffentlicht: Bratislava 2009
Tags: Tag hinzufügen
Keine Tags, Fügen Sie das erste Tag hinzu!

MARC

LEADER 00000nam$a2200000$$$4500
001 0103117
005 20240320075136.1
041 0 |a slo 
044 |a SK 
245 1 0 |a Motivácia a jej vplyv na zvyšovanie výkonnosti  |b bakalárska práca  |c Monika Čečková ; škol. Nadežda Jankelová 
264 1 |a Bratislava  |c 2009 
300 |a 38 s. 
100 1 |a Čečková, Monika 
700 1 |a Jankelová, Nadežda, 1966- 
710 2 |a Fakulta podnikového manažmentu EU. Katedra manažmentu